| 000 | 00930nam a22002417a 4500 | ||
|---|---|---|---|
| 999 |
_c1116 _d1116 |
||
| 003 | AR-CdUCM | ||
| 008 | 190226b ||||| |||| 00| 0 spa d | ||
| 040 |
_aMUNICIPALIDAD PROVINCIAL DEL CUSCO _cBIBLIOTECA MUNICIPAL DEL CUSCO |
||
| 082 |
_a985.714 / _bC31 |
||
| 100 |
_aDe Carvajal, O. P., Fray Gaspar _94367 |
||
| 245 | _aNuevo Descubrimiento del Famoso Río Grande de las Amazonas / | ||
| 260 |
_aMéxico : _bFondo de Cultura Económica ; _c1955. |
||
| 300 |
_a157 páginas _bmapas _c21cm |
||
| 440 |
_aBiblioteca Americana _nCronistas de Indias. _94368 |
||
| 505 | _aSalida de Orellana -- El señorío de Aparia -- El país de Omagua -- Tierra de Paguana -- Descubrimiento del Río Negro | ||
| 650 |
_arío Amazonas _94369 |
||
| 650 |
_adescubrimiento _9249 |
||
| 650 |
_aconquistadores españoles _94370 |
||
| 650 |
_aviajeros _94371 |
||
| 650 |
_aconquista _91045 |
||
| 942 |
_2ddc _cLIBROS |
||
| 945 |
_anom _d2019-02-26 |
||